| 000 | 00777nam a2200289Ia 4500 | ||
|---|---|---|---|
| 008 | 160319s9999 xx 000 0 und d | ||
| 020 | _a9780746091623 | ||
| 050 | _aFic | ||
| 050 | _b.D252t 2007 | ||
| 100 | _aDavidson, Susanna | ||
| 245 | 4 | _aThe town mouse and the country mouse : | |
| 245 | _bbased on a story by Aesop / | ||
| 245 | _cretold by Susanna Davidson ; illustrated by Jacqueline East. | ||
| 260 | _aLondon : | ||
| 260 | _bUsborne | ||
| 260 | _c2007 | ||
| 300 | _a48 pages; | ||
| 300 | _bcolor illustrations ; | ||
| 300 | _c26 cm. | ||
| 440 | _aFirst reading., Level 4. | ||
| 650 | _aAesop's fables -- | ||
| 650 | _aFables, Greek -- | ||
| 650 | _aMice -- | ||
| 650 | _xAdaptations. | ||
| 650 | _xAdaptations. | ||
| 650 | _xFolklore. | ||
| 999 |
_c292030 _d292030 |
||